|
|
|
|
| LEADER |
00000nam a2200000 a 4500 |
| 001 |
vtls001222917 |
| 003 |
SK-MaSNL |
| 005 |
20260301154603.0 |
| 008 |
251113s1993 UA a 0 ukr |
| 020 |
|
|
|a 5770736542
|c [270,00]
|
| 035 |
|
|
|a SNK000168691
|
| 040 |
|
|
|a SNK
|b slo
|c SNK
|e AACR2
|
| 044 |
|
|
|a UA
|
| 080 |
|
|
|a 008(477)(091)
|2 1981
|
| 100 |
1 |
|
|a Semčyšyn, Myroslav
|4 aut
|9 517691
|
| 245 |
1 |
|
|a Tysjača rokiv ukrajinskoji kul'tury
|b Istoryčnyj ohljad kul'turnoho procesu
|c Myroslav Semčyšyn
|
| 250 |
|
|
|a 2 fototyp. vyd.
|
| 260 |
|
|
|a Kyjiv
|b AT Druha ruka [etc.]
|c 1993
|
| 300 |
|
|
|a xxv, 550 s.
|c 25 cm
|
| 490 |
1 |
|
|a Ukrainian Studies
|v vol. 52
|
| 500 |
|
|
|a Súbež. tit. strana angl.
|
| 650 |
0 |
7 |
|a kultúra ukrajinská
|x dejiny
|2 SNK
|9 517692
|
| 830 |
|
0 |
|a Ukrainian Studies
|9 517693
|
| 919 |
|
|
|a 5-7707-3654-2
|
| 999 |
|
|
|c 797362
|d 799292
|
| 952 |
|
|
|t P60, <04>, [BOOK], {604}
|a SNK
|b SNK
|y VYP
|7 0
|p 17A0017187
|o snkIC 126160
|i snkV 2149/96
|0 0
|1 0
|4 0
|d 1996-11-13
|l 0
|r 2005-01-01 00:00:00
|w 2026-02-24
|